La Nueva España y Méjico (Record no. 182101)

MARC details
000 -LEADER
campo de control de longitud fija 00803nam a2200193 i 4500
001 - NÚMERO DE CONTROL
campo de control 182101
003 - IDENTIFICADOR DE NÚMERO DE CONTROL
campo de control ES-MaACL
005 - FECHA Y HORA DE LA ÚLTIMA TRANSACCIÓN
campo de control 20250430203804.0
008 - DATOS DE LONGITUD FIJA--INFORMACIÓN GENERAL
campo de control de longitud fija 130605s1992 sp |||| | spa d
100 1# - ENTRADA PRINCIPAL--NOMBRE DE PERSONA
Nombre de persona Balcells, José María,
Fechas asociadas al nombre 1943-
9 (RLIN) 24862
245 13 - MENCIÓN DEL TÍTULO
Título La Nueva España y Méjico
Resto del título : Bernal Díaz del Castillo y Rafael Alberti /
Mención de responsabilidad, etc. José María Balcells.
260 ## - PUBLICACIÓN, DISTRIBUCIÓN, ETC.
Lugar de publicación, distribución, etc. Kassel :
Nombre del editor, distribuidor, etc. Reichenberger,
Fecha de publicación, distribución, etc. 1992.
300 ## - DESCRIPCIÓN FÍSICA
Extensión P. 147-162 ;
Dimensiones 24 cm.
595 ## -
-- Separata de: Las Indias (América) en la literatura del siglo de oro: actas del Congreso Internacional ... Pamplona, 15-18 de enero de 1992.
600 04 - PUNTO DE ACCESO ADICIONAL DE MATERIA--NOMBRE DE PERSONA
Nombre de persona Alberti, Rafael,
Fechas asociadas al nombre 1902-1999-
Subdivisión general Crítica e interpretación
9 (RLIN) 19346
600 04 - PUNTO DE ACCESO ADICIONAL DE MATERIA--NOMBRE DE PERSONA
Nombre de persona Díaz del Castillo, Bernal.
9 (RLIN) 44257
852 ## - LOCALIZACIÓN
Ubicación ES-MaACL
Número de control de estantería 2141-F-27
Holdings
Estatus retirado Estado de pérdida Estado de daño No para préstamo Colección Biblioteca de origen Biblioteca actual Ubicación en estantería Fecha de adquisición Fuente de adquisición Total de préstamos Signatura topográfica completa Código de barras Visto por última vez Precio de reemplazo Tipo de ítem Koha
        Colección de folletos Biblioteca del Ateneo de Madrid Biblioteca del Ateneo de Madrid Depósito folletos 05/06/2013     2141-F-27 1191364 23/02/2023 23/02/2023 Folleto